000 00600nam a2200241 u 4500
999 _c66674
_d66674
001 66674
003 Mx-PuUPA
005 20190705150956.0
008 170213s2009 xx r 000 0 spa d
020 _a970-627-207-7
040 _cMx-PuUPA
082 _a861.4
_bHOM
100 1 _aHomero
_eautor
245 1 3 _aLa Ilíada
250 _aPrimera edición
264 1 _aMéxico :
_bLectores,
_c2012
300 _a95 páginas ;
_c23 cm.
336 _atexto
_2rdacontent
337 _asin mediación
_2rdamedia
338 _avolumen
_2rdacarrier
650 4 _aLiteratura infantil
942 _2ddc
_cLI